Lease renewal claims: Part 56 (Record no. 70511)
[ view plain ]
| 000 -LEADER | |
|---|---|
| fixed length control field | 00960cam a2200205 4500 |
| 001 - CONTROL NUMBER | |
| control field | X118456 |
| 008 - FIXED-LENGTH DATA ELEMENTS--GENERAL INFORMATION | |
| fixed length control field | 020619n2002 000 0 eng u |
| 035 ## - SYSTEM CONTROL NUMBER | |
| System control number | (Sirsi) u118456 |
| 100 ## - MAIN ENTRY--PERSONAL NAME | |
| Personal name | Webber, G |
| 245 ## - TITLE STATEMENT | |
| Title | Lease renewal claims: Part 56 |
| 260 ## - PUBLICATION, DISTRIBUTION, ETC. | |
| Date of publication, distribution, etc. | 2002 |
| 490 ## - SERIES STATEMENT | |
| Series statement | Landlord and Tenant Review |
| Volume/sequential designation | 6(1) 2002, 13-18(6) |
| 520 ## - SUMMARY, ETC. | |
| Summary, etc. | Explains Part 56 Civil Procedure Rules1998 and its Practice Direction, which came into force15 October 2000. Outlines what needs to be done before lease renewal claim, and choice of venue. Goes on to look at what action needs to be taken by tenant and landlord, and finally considers effect of discontinuance and professional arbitration. |
| 650 ## - SUBJECT ADDED ENTRY--TOPICAL TERM | |
| Topical term or geographic name entry element | MANAGEMENT-DISPUTE AVOIDANCE, MANAGEMENT AND RESOLUTION-DISPUTE MANAGEMENT AND RESOLUTION-ARBITRATION |
| 650 ## - SUBJECT ADDED ENTRY--TOPICAL TERM | |
| Topical term or geographic name entry element | CIVIL PROCEDURE RULES 1998 |
| 650 ## - SUBJECT ADDED ENTRY--TOPICAL TERM | |
| Topical term or geographic name entry element | DISCONTINUANCE |
| 650 ## - SUBJECT ADDED ENTRY--TOPICAL TERM | |
| Topical term or geographic name entry element | LEASE RENEWAL CLAIMS |
| 690 ## - LOCAL SUBJECT ADDED ENTRY--TOPICAL TERM (OCLC, RLIN) | |
| Topical term or geographic name as entry element | Dispute resolution |
| 9 (RLIN) | 6236 |
| 942 ## - ADDED ENTRY ELEMENTS (KOHA) | |
| Suppress in OPAC | 0 |
| Withdrawn status | Lost status | Source of classification or shelving scheme | Damaged status | Not for loan | Home library | Current library | Shelving location | Date acquired | Total Checkouts | Barcode | Date last seen | Copy number | Price effective from | Koha item type |
|---|---|---|---|---|---|---|---|---|---|---|---|---|---|---|
| Dewey Decimal Classification | London | London | Journal article | 19/06/2002 | 118456-1001 | 06/08/2019 | 1 | 06/08/2019 | Journal article |